000
00310 a2200145 4500
001
60146
082
_a
320.95491 MAZ
090
_c
36958
_d
36958
100
_a
Mazar ul Haq
245
_a
Civics of Pakistan
260
_a
Lahore
_b
Book Land
300
_a
312
500
_a
Pakistan
520
_a
Pakistan
942
_a
caenust
_k
320.95491 MAZ
999
_c
295219
_d
295219